Gaming Quiz

Random Gaming Quiz

Gameinformer's Top 200 Games of All Time Quiz Stats

 Plays Quiz not verified by Sporcle

Challenge
Share
Tweet
Embed
Score 0/200 Timer 20:00
0 Plays Today
Order of Greatness Video Game % Correct
2Super Mario Bros.
82.4%
110Halo 2
80.4%
1The Legend of Zelda
79.1%
196Call of Duty
71.2%
4Grand Theft Auto 3
69.9%
46Grand Theft Auto IV
69.9%
11World of Warcraft
68%
3Tetris
67.3%
9Super Mario Bros. 3
66%
15Final Fantasy VII
65.4%
13Super Mario 64
64.7%
64Grand Theft Auto: San Andreas
63.4%
103Donkey Kong
63.4%
20The Legend of Zelda Ocarina of Time
62.7%
6Doom
62.1%
8Final Fantasy III
61.4%
29Half life
60.8%
52Pacman
60.1%
138Call of Duty 2
59.5%
81Super Mario Bros. 2
58.8%
32GoldenEye 007
58.2%
47Super Mario World
58.2%
7Metroid
57.5%
18Metal Gear Solid
57.5%
34Sonic the Hedgehog
57.5%
63The Legend of Zelda: Majora's Mask
57.5%
5Half-Life 2
56.9%
80Final Fantasy II
56.9%
14Call of Duty 4: Modern Warfare
56.2%
41Resident Evil 2
56.2%
106Resident Evil
56.2%
19Resident Evil 4
55.6%
42Pokemon Red
55.6%
158Pong
55.6%
33Super Mario Kart
54.2%
51Super Mario Galaxy
52.9%
25Street Fighter II
52.3%
70The Sims
51.6%
94The Legend of Zelda: Wind Waker
51%
21Super Metroid
50.3%
72Mortal Kombat II
49.7%
90The Legend of Zelda: Twilight Princess
49.7%
97Sonic the Hedgehog 2
49%
181Call of Duty: Modern Warfare 2
49%
35Starcraft
48.4%
107Gears of War
47.7%
26God of War
47.1%
85Metroid Prime
47.1%
86Super Smash Bros. Melee
47.1%
99Grand Theft Auto: Vice City
45.1%
89God of War II
44.4%
10Ms Pac Man
43.8%
17Chrono Trigger
43.8%
167Doom II
43.8%
27Bioshock
43.1%
140Diablo
43.1%
38Mega Man 2
42.5%
43Final Fantasy X
42.5%
100Portal
42.5%
28Diablo II
41.2%
176Castlevania
41.2%
37SimCity
40.5%
49Guitar Hero
39.9%
148Super Mario RPG
39.9%
12The Legend of Zelda A Link to the Past
39.2%
40Gran Turismo
39.2%
136Star Fox
39.2%
Order of Greatness Video Game % Correct
36Civilization
38.6%
58Mass Effect
38.6%
87Warcraft II: Tides of Darkness
38.6%
61The Legend of Zelda: Link's Awakening
37.9%
177Tekken 3
37.9%
39Halo Combat Evolved
37.3%
149Warcraft III: Reign of Chaos
37.3%
117Fallout
36.6%
65Fallout 3
35.9%
79Kingdom Hearts
35.9%
143Assassin's Creed
35.9%
30The Elder Scrolls IV: Oblivion
35.3%
95Silent Hill 2
34.6%
74Tomb Raider
34%
67Soul Calibur
33.3%
120Mega Man X
33.3%
130Kingdom Hearts II
33.3%
16Mike Tyson's PunchOut
32.7%
22Contra
32.7%
23Galaga
32.7%
54Star Wars: Knights of the Old Republic
32.7%
71Age of Empires
32.7%
112Final Fantasy XII
32.7%
113Earthbound
32.7%
56Uncharted 2 : Among Thieves
32%
132Quake II
32%
69Dr Mario
31.4%
73Rock Band 2
31.4%
139Wolfenstein 3D
31.4%
101The Elder Scrolls III: Morrowind
30.7%
118Team Fortress 2
30.7%
185Super Mario World 2: Yoshi's Island
30.7%
141Civilization IV
30.1%
151Fable
30.1%
59Adventure
29.4%
84Shadow of the Colossus
29.4%
154LittleBigPlanet
29.4%
78Command & Conquer
28.8%
68Double Dragon
28.1%
55Ico
26.8%
134Borderlands
26.8%
24Castlevania Symphony of the Night
26.1%
82Left 4 Dead
26.1%
104Batman: Arkham Asylum
25.5%
153Asteroids
25.5%
191Metal Gear Solid 3: Snake Eater
25.5%
194Marvel vs. Capcom 2
25.5%
44Everquest
24.8%
45Final Fantasy Tactics
24.8%
50Metal Gear Solid 2: Sons of Liberty
24.8%
77Ninja Gaiden
24.8%
116Advance Wars
24.8%
189Kid Icarus
24.8%
193Jak 3
24.8%
128Metroid Fusion
24.2%
60Arkanoid
23.5%
108Metal Gear Solid 4: Guns of the Patriots
23.5%
137Madden NFL 99
23.5%
200Beyond Good and Evil
23.5%
57Tony Hawk's Pro Skater 2
22.9%
66Zork
22.9%
91Ratchet & Clank: Up Your Arsenal
22.9%
175Dig Dug
22.9%
53Battlefield 2
22.2%
83Okami
22.2%
187Infamous
22.2%
31Tecmo Super Bowl
20.9%
Order of Greatness Video Game % Correct
135Final Fight
20.9%
159Battlefield 1942
20.9%
48Deus Ex
20.3%
88Baldur's Gate II: Shadows of Amn
20.3%
162Far Cry
20.3%
75Super Bomberman
19.6%
126Twisted Metal 2
19.6%
93Skies of Arcadia
19%
109Crash Bandicoot: Warped
18.3%
111Tetris Attack
18.3%
62Star Wars: Xwing
17.6%
76Mario's Picross
17.6%
96Counter Strike
17.6%
123NHL 1994
17.6%
166King's Quest VI
17.6%
184Vagrant Story
17.6%
197NHL 09
17.6%
105System Shock 2
17%
115Command & Conquer: Red Alert
17%
145Unreal Tournament 2004
17%
155Crackdown
17%
157Devil May Cry
17%
180Max Payne
17%
199Tactics Ogre
17%
131Pilotwings
16.3%
92Medal of Honor: Allied Assault
15.7%
147Super Castlevania IV
15.7%
169Braid
15.7%
133Star Wars Jedi Knight: Dark Forces II
15%
152Xenosaga Episode 1: Der Wille zur Macht
15%
170Ridge Racer
14.4%
172Ikaruga
14.4%
171Bully
13.7%
102Heroes of Might & Magic III
13.1%
119Splinter Cell: Chaos Theory
13.1%
179NBA Jam Tournament Edition
13.1%
98Prince of Persia: The Sands of Time
12.4%
178Phoenix Wright: Ace Attorney
12.4%
183NFL 2K5
12.4%
190The Chronicles of Riddick: Escape From Butcher Bay
12.4%
146Power Stone 2
11.8%
150ActRaiser
11.8%
161Geometry Wars: Retro Evolved
11.8%
144Burnout 3: Takedown
11.1%
160Thief
11.1%
195Ultima
11.1%
127Oddworld: Abe's Oddysee
10.5%
142Maniac Mansion: Day of the Tentacle
10.5%
198Splinter Cell: Pandora Tomorrow
10.5%
121Lemmings
9.8%
122Panzer Dragoon Saga
8.5%
129Homeworld
8.5%
114Sid Meir's Alpa Centauri
7.2%
156Gauntlet
6.5%
164X-Com: UFO Defense
5.9%
165Peggle
5.9%
174Gunstar Heroes
3.3%
188Planescape: Torment
3.3%
173Lode Runner
2.6%
125Shadowrun
2%
182Samurai Shodown
1.3%
163Robotron; 2084
0.7%
168Tempest 2000
0.7%
186Marble Madness
0.7%
124Warlords
0%
192Eternal Darkness: Sanity's Requim
0%

You're not logged in!

Compare scores with friends on all Sporcle quizzes.
OR
Log In

You Might Also Like...

Show Comments

Extras

Created Dec 6, 2009ReportNominate
Tags:200, greatness, order, system, video

Top Quizzes Today


Score Distribution

Your Account Isn't Verified!

In order to create a playlist on Sporcle, you need to verify the email address you used during registration. Go to your Sporcle Settings to finish the process.

Report this User

Report this user for behavior that violates our Community Guidelines.

Details: